| 000 | 00761nas a2200253 4500 | ||
|---|---|---|---|
| 001 | BR2011004931 | ||
| 003 | BR-BrBNA | ||
| 005 | 20231205115119.0 | ||
| 007 | ta | ||
| 008 | 230509b bl.|||p| |||| 00| 00por d | ||
| 040 |
_aBR-BrBNA _bpor _cBiblioteca Nacional de Agricultura |
||
| 041 | _a(Pt) | ||
| 072 | _aF04 | ||
| 100 | 1 | _aSilva, J.T.A. da | |
| 100 | 1 | _aSilva, I.P. | |
| 100 | 1 | _aPereira, R.D. | |
| 245 | 1 | _aAdubação fosfatada em mudas de bananeira "Prata Anã" (AAB), cultivadas em dois latossolos | |
| 650 | _aBANANA | ||
| 650 | _aFÓSFORO | ||
| 650 | _aADUBAÇÃO | ||
| 773 | 0 |
_tRevista Ceres (Brazil) _xISSN 0034-737X _g(Mar-Apr 2011), v. 58(2) p. 238-242 _wBR2011004931 |
|
| 909 |
_a202311 _bLúcia _c55 _dLúcia Elande |
||
| 942 |
_2AGRIS _n0 _cANA |
||
| 999 |
_c212134 _d212134 |
||